辽宁省县级行政区划 - Statistics

General Stats
  • This quiz has been taken 78 times
  • The average score is 59 of 100
Answer Stats
城市 区县 % Correct
沈阳市 皇姑区
88%
沈阳市 | 鞍山市 铁西区
86%
大连市 中山区
86%
营口市 鲅鱼圈区
86%
大连市 瓦房店市
85%
沈阳市 沈河区
83%
沈阳市 浑南区
83%
大连市 旅顺口区
83%
大连市 金州区
83%
大连市 普兰店区
83%
沈阳市 和平区
80%
沈阳市 法库县
80%
大连市 沙河口区
80%
沈阳市 大东区
78%
沈阳市 沈北新区
78%
沈阳市 苏家屯区
76%
沈阳市 辽中区
76%
大连市 长海县
76%
丹东市 东港市
76%
大连市 甘井子区
75%
沈阳市 于洪区
73%
大连市 庄河市
73%
本溪市 本溪满族自治县
71%
葫芦岛市 绥中县
71%
沈阳市 新民市
71%
鞍山市 海城市
69%
营口市 盖州市
69%
营口市 大石桥市
69%
沈阳市 康平县
68%
大连市 西岗区
68%
丹东市 凤城市
68%
阜新市 阜新蒙古族自治县
68%
辽阳市 灯塔市
68%
鞍山市 千山区
66%
朝阳市 北票市
66%
鞍山市 铁东区
64%
本溪市 桓仁满族自治县
64%
葫芦岛市 兴城市
63%
鞍山市 岫岩满族自治县
61%
丹东市 振兴区
61%
丹东市 宽甸满族自治县
61%
锦州市 凌海市
61%
辽阳市 辽阳县
59%
朝阳市 朝阳县
59%
抚顺市 抚顺县
58%
抚顺市 新宾满族自治县
58%
丹东市 元宝区
58%
盘锦市 大洼区
58%
铁岭市 调兵山市
58%
葫芦岛市 南票区
58%
抚顺市 望花区
56%
铁岭市 开原市
56%
铁岭市 铁岭县
56%
朝阳市 凌源市
56%
本溪市 溪湖区
54%
本溪市 南芬区
54%
丹东市 振安区
54%
锦州市 黑山县
54%
营口市 站前区
54%
盘锦市 盘山县
54%
铁岭市 银州区
54%
铁岭市 昌图县
54%
盘锦市 兴隆台区
53%
铁岭市 清河区
53%
鞍山市 台安县
51%
辽阳市 弓长岭区
51%
辽阳市 太子河区
51%
朝阳市 喀喇沁左翼蒙古族自治县
51%
锦州市 义县
49%
朝阳市 建平县
49%
锦州市 北镇市
47%
营口市 老边区
47%
鞍山市 立山区
46%
抚顺市 顺城区
46%
抚顺市 清原满族自治县
46%
阜新市 清河门区
46%
葫芦岛市 建昌县
46%
营口市 西市区
44%
阜新市 彰武县
44%
铁岭市 西丰县
44%
抚顺市 新抚区
42%
锦州市 凌河区
42%
阜新市 细河区
42%
辽阳市 文圣区
42%
朝阳市 龙城区
42%
抚顺市 东洲区
41%
锦州市 古塔区
41%
葫芦岛市 龙港区
41%
辽阳市 白塔区
39%
辽阳市 宏伟区
39%
葫芦岛市 连山区
39%
本溪市 平山区
37%
锦州市 太和区
37%
盘锦市 双台子区
37%
本溪市 明山区
34%
阜新市 海州区
34%
阜新市 新邱区
34%
朝阳市 双塔区
34%
阜新市 太平区
27%
No matching quizzes found
Score Distribution
Percent of People with Each Score
Percentile by Number Answered
Your Score History
You have not taken this quiz